[Event "Titled Tuesday intern Qual1 4th April"]
[Site "Chess.com INT"]
[Date "2017.04.04"]
[Round "1"]
[White "Gamayev, Oleg"]
[Black "Arun, Siddharth"]
[Result "1-0"]
[WhiteElo "2208"]
[BlackElo "2045"]
[PlyCount "69"]
[EventDate "2017.04.04"]
[EventType "swiss (blitz)"]
[EventRounds "10"]
[EventCountry "USA"]
[SourceTitle "EXT 2021"]
[Source "ChessBase"]
[SourceDate "2020.10.23"]
[SourceVersion "1"]
[SourceVersionDate "2020.10.23"]
[SourceQuality "1"]

1. d3 d5 2. e4 dxe4 3. dxe4 Qxd1+ 4. Kxd1 e5 5. Nf3 Bg4 6. Be2 Nd7 7. Nfd2 Bxe2+ 8. Kxe2 Ngf6 9. f3 Bc5 10. c3 a5 11. a4 0-0 12. Nc4 c6 13. Bg5 Be7 14. Bxf6 Bxf6 15. Rd1 Rfd8 16. Rxd7 Rxd7 17. Nb6 Rad8 18. Nxd7 Rxd7 19. Nd2 Bd8 20. Nc4 f6 21. Rd1 Rxd1 22. Kxd1 Bc7 23. Kc2 Kf7 24. Kd3 Ke6 25. b3 g6 26. h3 f5 27. b4 axb4 28. cxb4 fxe4+ 29. fxe4 b5 30. axb5 cxb5 31. Na3 Bd6 32. Kc3 Kf6 33. Nxb5 Be7 34. Nc7 Kg5 35. Nd5 1-0